000 01048nam a22002537a 4500
005 20170124103029.0
010 _aA-914638
020 _c125.00
035 _aA-914638
037 _bCen Lib/Ret
040 _aDPL
_bHN
082 _a
_bवर्माल
100 _aवर्मा, लक्ष्मीकांत
_9130
245 _aधर्मशाले की एक रात /
_cलक्ष्मीकांत वर्मा
246 _adharmshale ki ek raat /
_bby Lakshmikant Varma
260 _aनयी दिल्ली
_bशारदा प्रकाशन
_c1998
270 _bनयी दिल्ली
_a16/एफ-3, अंसारी रोड, दरयागंज
_e110002
300 _a126पृ.
_c19सेमी (सजिल्द)
650 _aहिन्दी साहित्य
_963138
650 _a हिंदी कहानियां
_92082
650 _aHindi literature
_963139
650 _aHindi stories
_963140
942 _2ddc
_cHN
_h
_mवर्माल
999 _c115766
_d115766